Statistics for Anagrams-Scottish Places

Click here to take the quiz!

General Stats

  • This quiz has been taken 170 times
  • The average score is 8 of 10

Answer Stats

AnagramAnswer% Correct
sgagwloGlasgow
99%
eddneuDundee
92%
snseenvirInverness
92%
bduiegrhnEdinburgh
90%
hpretPerth
87%
yeskSkye
86%
eeebdnraAberdeen
83%
rimfillwoat (2)Fort William
60%
slnchoes (2)Loch Ness
36%
tledashnShetland
29%

Score Distribution

Percentile by Number Answered

Percent of People with Each Score

Your Score History

You have not taken this quiz